000 00728nam a2200217Ii 4500
003 JO-AjNU
008 230605s9999||||xx |||||||||||||| ||und||
040 _aJO-AjNU
_bara
_erda
_cJO-AjNU
041 _aara
050 1 4 _aPJ7700.Q4.Z78 1994
100 3 _aإعداد ناصيف، إميل,
_eauthor
_936649
245 0 0 _aقيس ولبنى
250 _aط1
264 3 1 _aلبنان:جروس برس،1994
300 _a132ص
336 _atext
_btxt
_2rdacontent
337 _aunmediated
_bn
_2rdamedia
338 _avolume
_bnc
_2rdacarrier
490 0 _aسلسلة العشاق العرب:أحلى قصصهم وأجمل أشعارهم
650 4 _a شعرغزل عربي - تاريخ ونقد - شعر جاهلي
_936650
999 _aA15245
_c18813
_d18813